[Event "Kurpfalz Seniors op 11th"]
[Site "Ludwigshafen"]
[Date "2005.09.22"]
[Round "5"]
[White "Kuhn, Arno"]
[Black "Dabek, Anton"]
[Result "1/2-1/2"]
[WhiteElo "1426"]
[BlackElo "1442"]
[PlyCount "82"]
[EventDate "2005.09.18"]
[EventType "swiss"]
[EventRounds "7"]
[EventCountry "GER"]
[SourceTitle "EXT 2007"]
[Source "ChessBase"]
[SourceDate "2006.11.23"]
[SourceVersion "1"]
[SourceVersionDate "2006.11.23"]
[SourceQuality "1"]

1. d4 d5 2. c4 e6 3. Nf3 c5 4. e3 Nc6 5. Nc3 Nf6 6. cxd5 Nxd5 7. e4 Nxc3 8. bxc3 cxd4 9. cxd4 Bb4+ 10. Bd2 Qa5 11. Be2 Bxd2+ 12. Qxd2 Qxd2+ 13. Kxd2 0-0 14. Rhc1 Rd8 15. Rc4 f6 16. Ke1 Bd7 17. Rac1 Rac8 18. a3 Kf8 19. Rd1 Ne7 20. Rdc1 Rxc4 21. Rxc4 Rc8 22. Kd2 Kf7 23. Bd3 h6 24. Ne1 Ng6 25. g3 Ne7 26. f4 g5 27. Kc3 Bc6 28. Nc2 a6 29. Nb4 Bd7 30. Rc5 Rxc5+ 31. dxc5 Nc6 32. Nxc6 Bxc6 33. Kb4 e5 34. f5 Ke7 35. a4 Kd8 36. a5 Ke7 37. Bc2 Kd7 38. Kc3 Ke7 39. Kd3 Kf7 40. Bb3+ Ke7 41. Bd5 Kf8 1/2-1/2

[Event "Kurpfalz Seniors op 11th"]
[Site "Ludwigshafen"]
[Date "2005.09.20"]
[Round "3"]
[White "Dabek, Anton"]
[Black "Lohmueller, Franz"]
[Result "0-1"]
[WhiteElo "1442"]
[BlackElo "1720"]
[PlyCount "100"]
[EventDate "2005.09.18"]
[EventType "swiss"]
[EventRounds "7"]
[EventCountry "GER"]
[SourceTitle "EXT 2007"]
[Source "ChessBase"]
[SourceDate "2006.11.23"]
[SourceVersion "1"]
[SourceVersionDate "2006.11.23"]
[SourceQuality "1"]

1. e4 e6 2. Nc3 d5 3. exd5 exd5 4. d4 Bb4 5. Bd2 Nf6 6. Be2 0-0 7. Nf3 Re8 8. 0-0 Bg4 9. a3 Bd6 10. Nb5 Be7 11. Bf4 Na6 12. Re1 c6 13. Nc3 Nc7 14. Ne5 Bf5 15. Bd3 Bxd3 16. Nxd3 Ne6 17. Be5 Qb6 18. Na4 Qd8 19. Re3 b5 20. Nc3 Qb6 21. Ne2 Ng4 22. Rg3 Nxe5 23. Nxe5 f6 24. Ng4 h5 25. Ne3 h4 26. Rg4 g5 27. Qd3 Nf8 28. Nf5 Kf7 29. Re1 Bd8 30. Nd6+ Ke7 31. Nxe8 Kxe8 32. c3 Kf7 33. f4 Qc7 34. fxg5 fxg5 35. Qf5+ Kg8 36. Rf1 Qe7 37. Qe5 Qxe5 38. dxe5 Ng6 39. Rf5 Be7 40. g3 hxg3 41. hxg3 Rf8 42. Rxf8+ Kxf8 43. Nd4 Nxe5 44. Ne6+ Kf7 45. Nxg5+ Bxg5 46. Rb4 a5 47. Rb3 a4 48. Rb4 Nc4 49. b3 axb3 50. Rxb3 Be7 0-1